Clic le plus rapidement sur les P - Mort Subite - Statistiques

Statistiques générales
  • Ce quiz a été pris 669 fois
  • Le résultat moyen est 6 sur 6
Answers on the Grid
Answers color-coded by a green-red scale on the quiz's grid according to % correct below.
p
p
p
p
p
p
q
q
q
q
q
q
q
q
q
q
q
q
q
q
q
q
q
q
q
q
q
q
 
Statistiques - réponses
Réponse % Correct
p
98%
p
98%
p
97%
p
97%
p
97%
p
96%
Aucun quiz correspondant
Distribution des résultats
% des personnes avec chaque résultat
Percentile par nombre de réponses
Votre historique - résultats
Vous n’avez pas pris ce quiz